| 000 | 01330cam a22002651i 4500 | ||
|---|---|---|---|
| 003 | SA-RiAUC | ||
| 005 | 20250702065051.0 | ||
| 008 | 250702s1980 su f i100 0 ara c | ||
| 040 |
_aSA-JeALM _bara _cSA-RiAUC. _erda |
||
| 082 | 0 | 4 |
_a214.909 _qSA-RiAUC |
| 090 |
_a214.909 _bن د و |
||
| 110 | 2 |
_aالندوة العالمية للشباب الإسلامي (الرياض). _bمؤتمر عالمي _n(4 : _d1399 هـ. : _cالرياض) |
|
| 245 | 1 | 2 |
_aالإسلام والحضارة ودور الشباب المسلم : _bأبحاث وقائع اللقاء الرابع للندوة العالمية للشباب الإسلامي 20 ربيع ثاني 1399 هـ.، 18 مارس 1979 م. |
| 250 | _aالطبعة الثانية. | ||
| 264 | 1 |
_aالرياض : _bالندوة العالمية للشباب الإسلامي، _c1980 |
|
| 300 |
_a2 مجلد ؛ _c24 سم |
||
| 336 |
_aنص _btxt _2rdacontent _3كتاب |
||
| 337 |
_aبدون وسيط _bn _2rdamedia |
||
| 338 |
_aمجلد _bnc _2rdacarrier |
||
| 650 | 7 |
_aالإسلام والحضارة _vمؤتمرات _2aucsh |
|
| 650 | 7 |
_aالحضارة الإسلامية _vمؤتمرات _2aucsh |
|
| 650 | 7 |
_aالشباب _zالبلاد الإسلامية _xأحوال اجتماعية _vمؤتمرات _2aucsh |
|
| 942 |
_2ddc _cBOOK _n0 |
||
| 949 |
_aSA-JeALM _d250702 _umohamedma123 _n1 |
||
| 999 |
_c9405 _d9405 |
||